[Event "North Region-ch U10 Integrada"]
[Site "Cartagena"]
[Date "2013.04.21"]
[Round "5.3"]
[White "Mercado Tapias, Juan Diego"]
[Black "Giraldo, Padilla Juan David"]
[Result "1-0"]
[WhiteElo "1429"]
[BlackElo "1413"]
[PlyCount "93"]
[EventDate "2013.04.19"]
[EventType "swiss"]
[EventRounds "6"]
[EventCountry "COL"]
[SourceTitle "EXT 2024"]
[Source "ChessBase"]
[SourceDate "2023.10.10"]
[SourceVersion "1"]
[SourceVersionDate "2023.10.10"]
[SourceQuality "1"]

1. e4 e5 2. Nf3 Nc6 3. Bb5 a6 4. Bxc6 bxc6 5. Nc3 Nf6 6. d3 h6 7. 0-0 Bc5 8. Nxe5 0-0 9. d4 Bb6 10. Nf3 d5 11. Nh4 dxe4 12. Qe1 Qxd4 13. Be3 Qe5 14. f4 Qd6 15. Rd1 Qe7 16. Bxb6 cxb6 17. Nf3 Qc5+ 18. Nd4 Bg4 19. Rd2 Rad8 20. Nxe4 Nxe4 21. Qxe4 Rfe8 22. Qxc6 Qe7 23. h3 Qe3+ 24. Rff2 Bxh3 25. Rde2 Qc1+ 26. Kh2 Qxb2 27. Rxe8+ Rxe8 28. Qxe8+ Kh7 29. Qxf7 Qxd4 30. Rf3 Bg4 31. Rg3 Qd1 32. f5 Qd6 33. Qg6+ Kg8 34. Qxd6 Bxf5 35. Qd8+ Kf7 36. Rf3 Kg6 37. Qd6+ Kg5 38. Qf4+ Kf6 39. Qxf5+ Ke7 40. Qe5+ Kd7 41. Rd3+ Kc6 42. Qe6+ Kb5 43. Rd5+ Kb4 44. Qe4+ Ka3 45. Rd3+ Kb2 46. Rb3+ Kxa2 47. Qa4# 1-0

[Event "North Region-chB"]
[Site "Cartagena"]
[Date "2012.04.20"]
[Round "3.7"]
[White "Ruiz Jaraba, Gabriel"]
[Black "Giraldo, Padilla Juan David"]
[Result "0-1"]
[WhiteElo "1325"]
[BlackElo "1399"]
[PlyCount "33"]
[EventDate "2012.04.19"]
[EventType "swiss"]
[EventRounds "6"]
[EventCountry "COL"]
[SourceTitle "EXT 2024"]
[Source "ChessBase"]
[SourceDate "2023.10.10"]
[SourceVersion "1"]
[SourceVersionDate "2023.10.10"]
[SourceQuality "1"]

1. e4 e5 2. Nf3 Nc6 3. Bb5 a6 4. Ba4 Nf6 5. Qe2 Bc5 6. Nc3 d6 7. d3 Bg4 8. Be3 Bb4 9. h3 b5 10. Bb3 Bxc3+ 11. bxc3 Bh5 12. 0-0 0-0 13. c4 Nd4 14. Qd1 c5 15. c3 Ne6 16. a4 a5 17. Ra3 0-1